Интенсификация использования вторичных энергетических ресурсов и способов охлаждения агрегатов в черной металлургии: тематический сборник научных трудов

Λεπτομέρειες βιβλιογραφικής εγγραφής
Συγγραφή απο Οργανισμό/Αρχή: Всесоюзный научно-исследовательский и проектный институт по очистке технологических газов, сточных вод и использованию вторичных энергоресурсов предприятий черной металлургии (ВНИПИчерметэнергоочистка)
Άλλοι συγγραφείς: Филипьев О. В. Олег Владимирович (редактор)
Γλώσσα:Ρωσικά
Έκδοση: Москва, Металлургия, 1986
Θέματα:
Μορφή: Βιβλίο
KOHA link:https://koha.lib.tpu.ru/cgi-bin/koha/opac-detail.pl?biblionumber=277350

MARC

LEADER 00000nam0a2200000 4500
001 277350
005 20231101235016.0
020 |a RU  |b 86-23552 
035 |a (RuTPU)RU\TPU\book\300623 
090 |a 277350 
100 |a 20141202d1986 k y0rusy5003 ca 
101 0 |a rus 
102 |a RU 
105 |a a z 001zy 
200 1 |a Интенсификация использования вторичных энергетических ресурсов и способов охлаждения агрегатов в черной металлургии  |e тематический сборник научных трудов  |f Всесоюзный научно-исследовательский и проектный институт по очистке технологических газов, сточных вод и использованию вторичных энергоресурсов предприятий черной металлургии (ВНИПИчерметэнергоочистка) ; под ред. О. В. Филипьева 
210 |a Москва  |c Металлургия  |d 1986 
215 |a 79 с.  |c ил. 
320 |a Библиогр. в конце ст. 
606 1 |a Черная металлургия, предприятия  |x Организация производства  |2 stltpush  |3 (RuTPU)RU\TPU\subj\18677  |9 44065 
610 1 |a металлургические заводы 
610 1 |a металлургическое оборудование 
610 1 |a охлаждение 
610 1 |a энергетическое хозяйство 
610 1 |a вторичные энергетические ресурсы 
610 1 |a использование 
610 1 |a интенсификация 
675 |a 669.013:658.5  |z rus  |v 4 
702 1 |a Филипьев  |b О. В.  |g Олег Владимирович  |4 340 
712 0 2 |a Всесоюзный научно-исследовательский и проектный институт по очистке технологических газов, сточных вод и использованию вторичных энергоресурсов предприятий черной металлургии (ВНИПИчерметэнергоочистка)  |c (Харьков)  |c (1967-1986)  |2 stltpush  |3 (RuTPU)RU\TPU\col\21115 
801 0 |a RU  |b RuMRKP  |c 19950704  |g psbo 
801 1 |a RU  |b 63413507  |c 20141202 
801 2 |a RU  |b 63413507  |c 20171220  |g RCR 
942 |c BK